000 00798nam 22002533 4500
001 199780
010 _a978-972-47-3825-3
021 _aPT
_b287 898/09
090 _a199780
100 _a20260108d u||y0pory50 ba
101 _apor
102 _aPT
200 _aEu Quero Saber
_eAs Artes
_fAnónimo
_gIlustração de Ricardo Ferrand ; Revisão Texto Editores
205 _a
210 _aAlfragide
_cUniversal Infantil
_d2009
215 _a32 p. : il.
_cEncadernado
_d30 cm
225 _aEu Quero Saber
_eJúnior - Brincar e Aprender, como deve ser
606 _915581
_aArte
_xPara Crianças
675 _a7(0.053.2)/ANO/QUE
_vPT
_zpor
700 _91351
_aAnónimo
702 _915582
_aFerrand
_bRicardo
801 _aPT
_bBMMN
_gRPC
830 _cCarlos Pinto
_d08-01-2026
_fCarlos Pinto
990 _cLIVROS